| 000 | 01340nam2a2200337 4500 | ||
|---|---|---|---|
| 001 | RU\NLR\bibl\288469 | ||
| 005 | 20250620141546.0 | ||
| 010 | _a5-275-00054-5 | ||
| 021 |
_aRU _b2002-12312 _9611 |
||
| 035 | _a(NLR Aleph) 000283885 | ||
| 090 |
_a1661618 _c1661618 |
||
| 100 | _a20020711d2001 |||y0rusy50 ca | ||
| 101 | 1 |
_arus _cger |
|
| 102 | _aRU | ||
| 105 | _ay ||||||||| | ||
| 200 | 1 |
_aЛисы в винограднике _eРоман _eЧ. 1-2 _f[Пер. С. Апта _gПримеч. П. Гурова] |
|
| 210 |
_d2001 _aБ. м. |
||
| 215 | _a508, [2] с. | ||
| 461 | 0 |
_1001RU\NLR\bibl\180590 _12001#$aСобрание сочинений$vТ. 14 _91022757 _aФейхтвангер, Л. (1884-1958) _cМ. _d2001 _fЛион Фейхтвангер _nТерра-Кн. клуб _oВ 20 т. _tСобрание сочинений _y5-300-02339-6 _vТ. 14 |
|
| 610 | 0 | _aФранция, 18 в. (х. л.) (т. 14) | |
| 610 | 0 | _aИсторические романы и рассказы (х. л.) (т. 14) | |
| 675 |
_a821.112.2Фейхтвангер2 _v3 _zrus |
||
| 675 |
_a821.112.2-31Фейхтвангер _v3 _zrus |
||
| 686 |
_a17.82 _2rugasnti |
||
| 686 |
_a84(4Чеш)-44 _2rubbk |
||
| 801 | 0 |
_aRU _bRKP _c20020711 _gPSBO |
|
| 801 | 1 |
_aRU _bRKP _c20020711 |
|
| 801 | 2 |
_aRU _bNLR _c20020807 _grcr |
|
| 942 | _cBOOK | ||
| 980 | _aNB | ||